The confident child / (Record no. 42143)
[ view plain ]
| 000 -LEADER | |
|---|---|
| fixed length control field | 00522nam a2200217Ia 4500 |
| 003 - CONTROL NUMBER IDENTIFIER | |
| control field | OSt |
| 005 - DATE AND TIME OF LATEST TRANSACTION | |
| control field | 20140321094726.0 |
| 008 - FIXED-LENGTH DATA ELEMENTS--GENERAL INFORMATION | |
| fixed length control field | 140130s9999 xx 000 0 und d |
| 020 ## - INTERNATIONAL STANDARD BOOK NUMBER | |
| International Standard Book Number | 0717130460 |
| 050 ## - LIBRARY OF CONGRESS CALL NUMBER | |
| Classification number | BF 723.S3 |
| Item number | .Od26 2000 |
| 100 ## - MAIN ENTRY--PERSONAL NAME | |
| Personal name | O Donnchadha, Reamonn |
| 245 ## - TITLE STATEMENT | |
| Statement of responsibility, etc | Reamonn O Donnchadha |
| Title | The confident child / |
| 260 ## - PUBLICATION, DISTRIBUTION, ETC. (IMPRINT) | |
| Name of publisher, distributor, etc | Scholastic, |
| Date of publication, distribution, etc | 2000. |
| Place of publication, distribution, etc | India : |
| 300 ## - PHYSICAL DESCRIPTION | |
| Extent | 176 p. : |
| Dimensions | 23 cm. |
| 440 ## - SERIES STATEMENT/ADDED ENTRY--TITLE | |
| Volume number/sequential designation | 1 |
| 521 ## - TARGET AUDIENCE NOTE | |
| Target audience note | |
| 526 ## - STUDY PROGRAM INFORMATION NOTE | |
| Reading level | 1340 |
| 942 ## - ADDED ENTRY ELEMENTS (KOHA) | |
| Koha item type | Books |
| Source of classification or shelving scheme | Library of Congress Classification |
| Withdrawn status | Lost status | Source of classification or shelving scheme | Damaged status | Home library | Current library | Shelving location | Date acquired | Total Checkouts | Full call number | Barcode | Date last seen | Copy number | Price effective from | Koha item type |
|---|---|---|---|---|---|---|---|---|---|---|---|---|---|---|
| Library of Congress Classification | Munich Library | Munich Library | Scholastic Reading Center Section | 01/30/2014 | BF 723.S3 .Od26 2000 | MS2699 | 01/30/2014 | 1 | 01/30/2014 | Books | ||||
| Library of Congress Classification | Munich Library | Munich Library | Scholastic Reading Center Section | 03/21/2014 | BF 723.S3 .Od26 2000 | MS2700 | 03/21/2014 | 2 | 03/21/2014 | Books |